Investments / (Record no. 861)
[ view plain ]
| 000 -LEADER | |
|---|---|
| fixed length control field | 01178cam a22003376a 4500 |
| 003 - CONTROL NUMBER IDENTIFIER | |
| control field | CaAEU |
| 005 - DATE AND TIME OF LATEST TRANSACTION | |
| control field | 20210621103747.0 |
| 008 - FIXED-LENGTH DATA ELEMENTS--GENERAL INFORMATION | |
| fixed length control field | 970402s1997 onca b 001 0 eng |
| 020 ## - INTERNATIONAL STANDARD BOOK NUMBER | |
| International Standard Book Number | 0256195226 |
| 040 ## - CATALOGING SOURCE | |
| Transcribing agency | CaOONL |
| 050 ## - LIBRARY OF CONGRESS CALL NUMBER | |
| Classification number | HG 4521 |
| Item number | .B564 1997 |
| 055 01 - CLASSIFICATION NUMBERS ASSIGNED IN CANADA | |
| Classification number | HG4521 |
| 090 ## - LOCALLY ASSIGNED LC-TYPE CALL NUMBER (OCLC); LOCAL CALL NUMBER (RLIN) | |
| Classification number (OCLC) (R) ; Classification number, CALL (RLIN) (NR) | HG 4521 B564 1997 |
| Local cutter number (OCLC) ; Book number/undivided call number, CALL (RLIN) | AEU |
| 090 ## - LOCALLY ASSIGNED LC-TYPE CALL NUMBER (OCLC); LOCAL CALL NUMBER (RLIN) | |
| Classification number (OCLC) (R) ; Classification number, CALL (RLIN) (NR) | HG 4521 B564 1997 |
| Local cutter number (OCLC) ; Book number/undivided call number, CALL (RLIN) | ACAL |
| 245 00 - TITLE STATEMENT | |
| Title | Investments / |
| Statement of responsibility, etc. | Zvi Bodie ... [et al.]. |
| 250 ## - EDITION STATEMENT | |
| Edition statement | 2nd Canadian ed. |
| 260 ## - PUBLICATION, DISTRIBUTION, ETC. | |
| Place of publication, distribution, etc. | Toronto : |
| Name of publisher, distributor, etc. | Irwin : |
| -- | represented in Canada by McGraw-Hill Ryerson Limited, |
| Date of publication, distribution, etc. | c1997. |
| 300 ## - PHYSICAL DESCRIPTION | |
| Extent | xxix, 1058 p. : |
| Other physical details | ill. ; |
| Dimensions | 24 cm. |
| Accompanying material | 1 instructors manual. |
| 336 ## - CONTENT TYPE | |
| Content type term | text |
| Content type code | txt |
| Source | rdacontent |
| 337 ## - MEDIA TYPE | |
| Media type term | unmediated |
| Media type code | n |
| Source | rdamedia |
| 338 ## - CARRIER TYPE | |
| Carrier type term | volume |
| Carrier type code | nc |
| Source | rdacarrier |
| 500 ## - GENERAL NOTE | |
| General note | Accompanied by an Instructor's manual with solutions to accompany investments, second Canadian edition. |
| 504 ## - BIBLIOGRAPHY, ETC. NOTE | |
| Bibliography, etc. note | Includes bibliographical references and indexes. |
| 700 1# - ADDED ENTRY--PERSONAL NAME | |
| Personal name | Bodie, Zvi. |
| 942 ## - ADDED ENTRY ELEMENTS (KOHA) | |
| Source of classification or shelving scheme | |
| Koha item type | Book |
| Suppress in OPAC | SO |
| Withdrawn status | Lost status | Source of classification or shelving scheme | Damaged status | Not for loan | Permanent Location | Current Location | Shelving location | Date acquired | Total Checkouts | Full call number | Barcode | Date last seen | Price effective from | Koha item type | Public note |
|---|---|---|---|---|---|---|---|---|---|---|---|---|---|---|---|
| AU LIBRARY | AU LIBRARY | Open Shelf | 21.06.2021 | HG 4521 .B564 1997 | 28003053 | 21.06.2021 | 21.06.2021 | Book | SO |